<?xml version="1.0" encoding="UTF-8"?>
<record
    xmlns:xsi="http://www.w3.org/2001/XMLSchema-instance"
    xsi:schemaLocation="http://www.loc.gov/MARC21/slim http://www.loc.gov/standards/marcxml/schema/MARC21slim.xsd"
    xmlns="http://www.loc.gov/MARC21/slim">

  <leader>00972cnm a2200313 i 4500</leader>
  <controlfield tag="001">588036</controlfield>
  <controlfield tag="003">YEEZEN</controlfield>
  <controlfield tag="005">20241025134932.0</controlfield>
  <controlfield tag="008">220915s2022    ch chi d                 </controlfield>
  <datafield tag="020" ind1=" " ind2=" ">
    <subfield code="a">9789863987284</subfield>
    <subfield code="q">(&#x7CBE;&#x88DD;) :</subfield>
    <subfield code="c">NT$699</subfield>
  </datafield>
  <datafield tag="040" ind1=" " ind2=" ">
    <subfield code="a">NTUT</subfield>
    <subfield code="b">chi</subfield>
    <subfield code="e">CCR</subfield>
    <subfield code="c">NTUT</subfield>
  </datafield>
  <datafield tag="041" ind1="1" ind2=" ">
    <subfield code="a">chi</subfield>
    <subfield code="h">eng</subfield>
  </datafield>
  <datafield tag="042" ind1=" " ind2=" ">
    <subfield code="a">nbic</subfield>
  </datafield>
  <datafield tag="084" ind1=" " ind2=" ">
    <subfield code="a">873.6</subfield>
    <subfield code="2">ncsclt</subfield>
  </datafield>
  <datafield tag="090" ind1=" " ind2=" ">
    <subfield code="a">873.6</subfield>
  </datafield>
  <datafield tag="100" ind1="1" ind2=" ">
    <subfield code="a">&#x9EA5;&#x514B;&#x65AF;</subfield>
    <subfield code="c">(Mackesy, Charlie)</subfield>
  </datafield>
  <datafield tag="240" ind1="1" ind2="4">
    <subfield code="a">The boy, the mole, the fox and the horse.</subfield>
    <subfield code="l">&#x4E2D;&#x6587;</subfield>
  </datafield>
  <datafield tag="245" ind1="1" ind2="0">
    <subfield code="a">&#x7537;&#x5B69;, &#x9F34;&#x9F20;, &#x72D0;&#x72F8;&#x8207;&#x99AC; /</subfield>
    <subfield code="c">&#x67E5;&#x7406;.&#x9EA5;&#x514B;&#x65AF;(Charlie Mackesy)&#x4F5C; ; &#x97D3;&#x7D5C;&#x5149;&#x8B6F;</subfield>
  </datafield>
  <datafield tag="246" ind1="3" ind2="3">
    <subfield code="a">&#x7537;&#x5B69;&#x9F34;&#x9F20;&#x72D0;&#x72F8;&#x8207;&#x99AC;</subfield>
  </datafield>
  <datafield tag="250" ind1=" " ind2=" ">
    <subfield code="a">&#x7B2C;&#x4E00;&#x7248;</subfield>
  </datafield>
  <datafield tag="260" ind1=" " ind2=" ">
    <subfield code="a">&#x81FA;&#x5317;&#x5E02; :</subfield>
    <subfield code="b">&#x5929;&#x4E0B;&#x96DC;&#x8A8C;,</subfield>
    <subfield code="c">2022.01</subfield>
  </datafield>
  <datafield tag="300" ind1=" " ind2=" ">
    <subfield code="a">1&#x518A; :</subfield>
    <subfield code="b">&#x90E8;&#x4EFD;&#x5F69;&#x5716; ;</subfield>
    <subfield code="c">22&#x516C;&#x5206;</subfield>
  </datafield>
  <datafield tag="490" ind1="1" ind2=" ">
    <subfield code="a">&#x7F8E;&#x597D;&#x751F;&#x6D3B; ;</subfield>
    <subfield code="v">27.</subfield>
  </datafield>
  <datafield tag="500" ind1=" " ind2=" ">
    <subfield code="a">&#x8B6F;&#x81EA; : The boy, the mole, the fox and the horse.</subfield>
  </datafield>
  <datafield tag="650" ind1=" " ind2="7">
    <subfield code="a">&#x82F1;&#x570B;&#x6587;&#x5B78;</subfield>
    <subfield code="2">lcstt.</subfield>
  </datafield>
  <datafield tag="700" ind1="1" ind2=" ">
    <subfield code="a">&#x97D3;&#x7D5C;&#x5149;</subfield>
  </datafield>
  <datafield tag="830" ind1=" " ind2="0">
    <subfield code="a">&#x7F8E;&#x597D;&#x751F;&#x6D3B; ;</subfield>
    <subfield code="v">27.</subfield>
  </datafield>
  <datafield tag="942" ind1=" " ind2=" ">
    <subfield code="2">ccl</subfield>
    <subfield code="c">BOOK</subfield>
  </datafield>
  <datafield tag="999" ind1=" " ind2=" ">
    <subfield code="c">7611</subfield>
    <subfield code="d">7611</subfield>
  </datafield>
  <datafield tag="952" ind1=" " ind2=" ">
    <subfield code="0">0</subfield>
    <subfield code="1">0</subfield>
    <subfield code="2">ccl</subfield>
    <subfield code="4">0</subfield>
    <subfield code="7">0</subfield>
    <subfield code="a">yeezen</subfield>
    <subfield code="b">yeezen</subfield>
    <subfield code="c">YEEZEN</subfield>
    <subfield code="d">2024-10-25</subfield>
    <subfield code="l">6</subfield>
    <subfield code="m">3</subfield>
    <subfield code="o">873.6</subfield>
    <subfield code="p">C03190</subfield>
    <subfield code="r">2025-06-11 00:00:00</subfield>
    <subfield code="s">2025-06-09</subfield>
    <subfield code="w">2024-10-25</subfield>
    <subfield code="y">BOOK</subfield>
    <subfield code="z">&#x9019;&#x662F;&#x4E00;&#x672C;&#x7D66;&#x6240;&#x6709;&#x4EBA;&#x7684;&#x66F8;,&#x6BCF;&#x500B;&#x4EBA;&#x61F7;&#x8457;&#x5404;&#x81EA;&#x7684;&#x751F;&#x547D;&#x7D93;&#x6B77;,&#x90FD;&#x80FD;&#x7522;&#x751F;&#x7368;&#x4E00;&#x7121;&#x4E8C;&#x5171;&#x9CF4;&#x3002;&#x4F5C;&#x8005;&#x78B0;&#x904E;&#x6700;&#x5C0F;&#x7684;&#x8B80;&#x8005;&#x53EA;&#x6709;&#x4E09;&#x6B72;,&#x5230;&#x4ED6;&#x5E74;&#x8FD1;&#x4E5D;&#x5341;&#x7684;&#x6BCD;&#x89AA;,&#x90FD;&#x8207;&#x4ED6;&#x5206;&#x4EAB;&#x5F9E;&#x66F8;&#x4E2D;&#x5F97;&#x5230;&#x7684;&#x6EAB;&#x6696;&#x3002;&#x6211;&#x5011;&#x7684;&#x6545;&#x4E8B;&#x6216;&#x8A31;&#x90FD;&#x4E0D;&#x540C;,&#x4F46;&#x6211;&#x5011;&#x90FD;&#x9700;&#x8981;&#x611B;,&#x4E5F;&#x6709;&#x80FD;&#x529B;&#x611B;&#x3002;</subfield>
  </datafield>
</record>
